[Event "DEM U10 2024"]
[Site "Willingen GER"]
[Date "2024.05.21"]
[Round "5"]
[White "Schmidt, Alexander Nadvid"]
[Black "Dintinger, Ata Lucien"]
[Result "1/2-1/2"]
[Termination "normal"]
[Board "20"]
[WhiteElo "1679"]
[BlackElo "1096"]
[WhiteClock "00:43:20"]
[BlackClock "00:30:25"]
[PlyCount "53"]
[WhiteFideId "34661360"]
[BlackFideId "34654550"]
[EventCountry "GER"]
[EventRounds "11"]
[EventType "swiss"]
[EventDate "2024.05.18"]

1. e4 {[%clk 01:15:58]} {[%emt 00:00:01]} e5 {[%clk 01:15:58]} {[%emt
00:00:02]} 2. Nf3 {[%clk 01:16:12]} {[%emt 00:00:16]} Nc6 {[%clk 01:16:00]}
{[%emt 00:00:28]} 3. Bc4 {[%clk 01:16:35]} {[%emt 00:00:06]} Nf6 {[%clk
01:16:06]} {[%emt 00:00:25]} 4. d4 {[%clk 01:16:57]} {[%emt 00:00:08]} exd4
{[%clk 01:16:01]} {[%emt 00:00:35]} 5. O-O {[%clk 01:17:17]} {[%emt 00:00:09]}
Nxe4 {[%clk 01:16:03]} {[%emt 00:00:29]} 6. Re1 {[%clk 01:17:02]} {[%emt
00:00:44]} d5 {[%clk 01:16:03]} {[%emt 00:00:31]} 7. Bxd5 {[%clk 01:17:26]}
{[%emt 00:00:05]} Qxd5 {[%clk 01:16:21]} {[%emt 00:00:12]} 8. Nc3 {[%clk
01:17:48]} {[%emt 00:00:08]} Qh5 {[%clk 01:16:24]} {[%emt 00:00:27]} 9. Nxe4
{[%clk 01:18:06]} {[%emt 00:00:12]} Be6 {[%clk 01:16:18]} {[%emt 00:00:36]} 10.
Bg5 {[%clk 01:18:08]} {[%emt 00:00:28]} Bd6 {[%clk 01:16:33]} {[%emt 00:00:13]}
11. Nxd6+ {[%clk 01:17:48]} {[%emt 00:00:53]} cxd6 {[%clk 01:16:46]} {[%emt
00:00:17]} 12. Bf4 {[%clk 01:18:05]} {[%emt 00:00:13]} Qc5 {[%clk 01:16:52]}
{[%emt 00:00:23]} 13. c3 {[%clk 01:16:50]} {[%emt 00:01:43]} d3 {[%clk
01:14:30]} {[%emt 00:02:55]} 14. Qxd3 {[%clk 01:16:23]} {[%emt 00:00:56]} d5
{[%clk 01:14:11]} {[%emt 00:00:49]} 15. Ng5 {[%clk 01:15:49]} {[%emt 00:01:04]}
O-O {[%clk 01:13:53]} {[%emt 00:00:48]} 16. Qg3 {[%clk 01:15:53]} {[%emt
00:00:26]} Rfe8 {[%clk 01:06:57]} {[%emt 00:07:27]} 17. h4 {[%clk 01:13:19]}
{[%emt 00:03:03]} Rad8 {[%clk 00:58:08]} {[%emt 00:09:18]} 18. Qd3 {[%clk
01:09:53]} {[%emt 00:03:57]} g6 {[%clk 00:52:07]} {[%emt 00:06:31]} 19. h5
{[%clk 01:02:38]} {[%emt 00:07:45]} Bf5 {[%clk 00:51:24]} {[%emt 00:01:13]} 20.
Qg3 {[%clk 01:03:05]} {[%emt 00:00:03]} Kg7 {[%clk 00:46:10]} {[%emt 00:05:45]}
21. h6+ {[%clk 01:01:30]} {[%emt 00:02:04]} Kg8 {[%clk 00:44:53]} {[%emt
00:01:47]} 22. b4 {[%clk 00:57:57]} {[%emt 00:04:04]} Qc4 {[%clk 00:41:12]}
{[%emt 00:04:11]} 23. Rec1 {[%clk 00:56:28]} {[%emt 00:01:55]} d4 {[%clk
00:40:25]} {[%emt 00:01:21]} 24. cxd4 {[%clk 00:50:39]} {[%emt 00:06:19]} Qxd4
{[%clk 00:37:34]} {[%emt 00:03:20]} 25. Nf3 {[%clk 00:47:33]} {[%emt 00:03:35]}
Qxb4 {[%clk 00:36:27]} {[%emt 00:01:38]} 26. Qh4 {[%clk 00:43:20]} {[%emt
00:04:41]} Nd4 {[%clk 00:30:25]} {[%emt 00:06:35]} 27. Qf6 {[%emt 00:09:45]}
1/2-1/2

[Event "DEM U10 2024"]
[Site "Willingen GER"]
[Date "2024.05.21"]
[Round "5"]
[White "Schonlau, Leopold"]
[Black "Wittenberger, Henri"]
[Result "0-1"]
[Termination "normal"]
[Board "22"]
[WhiteElo "1359"]
[BlackElo "1210"]
[WhiteClock "01:01:52"]
[BlackClock "00:35:41"]
[PlyCount "126"]
[WhiteFideId "34662545"]
[BlackFideId "34691510"]
[EventCountry "GER"]
[EventRounds "11"]
[EventType "swiss"]
[EventDate "2024.05.18"]

1. e4 {[%clk 01:15:59]} {[%emt 00:00:01]} e5 {[%clk 01:15:52]} {[%emt
00:00:07]} 2. Nf3 {[%clk 01:16:24]} {[%emt 00:00:05]} Nc6 {[%clk 01:16:16]}
{[%emt 00:00:06]} 3. Bc4 {[%clk 01:16:46]} {[%emt 00:00:09]} Bc5 {[%clk
01:16:39]} {[%emt 00:00:06]} 4. c3 {[%clk 01:17:08]} {[%emt 00:00:08]} Nf6
{[%clk 01:17:04]} {[%emt 00:00:05]} 5. d4 {[%clk 01:17:31]} {[%emt 00:00:07]}
exd4 {[%clk 01:17:25]} {[%emt 00:00:09]} 6. cxd4 {[%clk 01:17:58]} {[%emt
00:00:03]} Bb4+ {[%clk 01:17:47]} {[%emt 00:00:08]} 7. Nc3 {[%clk 01:18:21]}
{[%emt 00:00:07]} Nxe4 {[%clk 01:18:12]} {[%emt 00:00:06]} 8. O-O {[%clk
01:18:41]} {[%emt 00:00:10]} Bxc3 {[%clk 01:18:34]} {[%emt 00:00:08]} 9. d5
{[%clk 01:19:03]} {[%emt 00:00:08]} Bf6 {[%clk 01:18:59]} {[%emt 00:00:04]} 10.
Re1 {[%clk 01:19:22]} {[%emt 00:00:11]} Ne7 {[%clk 01:19:18]} {[%emt 00:00:11]}
11. Rxe4 {[%clk 01:19:40]} {[%emt 00:00:12]} d6 {[%clk 01:19:30]} {[%emt
00:00:19]} 12. Bg5 {[%clk 01:15:46]} {[%emt 00:04:23]} Bxg5 {[%clk 01:19:43]}
{[%emt 00:00:17]} 13. Nxg5 {[%clk 01:16:09]} {[%emt 00:00:07]} h6 {[%clk
01:20:04]} {[%emt 00:00:09]} 14. Nf3 {[%clk 01:15:22]} {[%emt 00:01:17]} O-O
{[%clk 01:18:27]} {[%emt 00:02:08]} 15. Qd2 {[%clk 01:07:59]} {[%emt 00:07:53]}
Ng6 {[%clk 01:16:34]} {[%emt 00:02:22]} 16. Re3 {[%clk 01:03:30]} {[%emt
00:04:59]} Re8 {[%clk 01:14:47]} {[%emt 00:02:17]} 17. Rxe8+ {[%clk 01:03:37]}
{[%emt 00:00:23]} Qxe8 {[%clk 01:15:10]} {[%emt 00:00:07]} 18. Re1 {[%clk
01:03:55]} {[%emt 00:00:13]} Qd8 {[%clk 01:14:26]} {[%emt 00:01:14]} 19. Bb5
{[%clk 01:03:45]} {[%emt 00:00:40]} Bd7 {[%clk 01:13:47]} {[%emt 00:01:08]} 20.
Bd3 {[%clk 01:03:29]} {[%emt 00:00:46]} Nf8 {[%clk 01:11:21]} {[%emt 00:02:57]}
21. Nd4 {[%clk 01:02:21]} {[%emt 00:01:37]} Qg5 {[%clk 01:10:21]} {[%emt
00:01:30]} 22. Qc3 {[%clk 01:00:59]} {[%emt 00:01:52]} Qf6 {[%clk 01:02:15]}
{[%emt 00:08:36]} 23. Re3 {[%clk 00:58:51]} {[%emt 00:02:38]} g5 {[%clk
01:00:47]} {[%emt 00:01:59]} 24. Rf3 {[%clk 00:57:43]} {[%emt 00:01:37]} Qg7
{[%clk 00:59:49]} {[%emt 00:01:29]} 25. Qd2 {[%clk 00:56:57]} {[%emt 00:01:16]}
Ng6 {[%clk 00:52:37]} {[%emt 00:07:42]} 26. Bf5 {[%clk 00:56:06]} {[%emt
00:01:20]} Bxf5 {[%clk 00:48:09]} {[%emt 00:04:59]} 27. Nxf5 {[%clk 00:56:30]}
{[%emt 00:00:06]} Qf8 {[%clk 00:48:19]} {[%emt 00:00:17]} 28. Rh3 {[%clk
00:56:11]} {[%emt 00:00:51]} Nh4 {[%clk 00:46:44]} {[%emt 00:02:05]} 29. Nxh4
{[%clk 00:56:29]} {[%emt 00:00:12]} gxh4 {[%clk 00:46:32]} {[%emt 00:00:42]}
30. Rxh4 {[%clk 00:56:49]} {[%emt 00:00:11]} Re8 {[%clk 00:46:27]} {[%emt
00:00:35]} 31. h3 {[%clk 00:56:25]} {[%emt 00:00:53]} Kh7 {[%clk 00:44:45]}
{[%emt 00:02:12]} 32. Qf4 {[%clk 00:55:17]} {[%emt 00:01:38]} Qg7 {[%clk
00:43:58]} {[%emt 00:01:13]} 33. Rg4 {[%clk 00:54:52]} {[%emt 00:00:59]} Re1+
{[%clk 00:44:17]} {[%emt 00:00:12]} 34. Kh2 {[%clk 00:55:06]} {[%emt 00:00:15]}
Qe5 {[%clk 00:44:43]} {[%emt 00:00:04]} 35. Qxe5 {[%clk 00:55:03]} {[%emt
00:00:33]} Rxe5 {[%clk 00:44:08]} {[%emt 00:01:05]} 36. Rc4 {[%clk 00:55:17]}
{[%emt 00:00:17]} Re7 {[%clk 00:42:33]} {[%emt 00:02:05]} 37. Kg3 {[%clk
00:55:29]} {[%emt 00:00:18]} Kg6 {[%clk 00:40:32]} {[%emt 00:02:30]} 38. Kg4
{[%clk 00:55:33]} {[%emt 00:00:26]} f5+ {[%clk 00:40:22]} {[%emt 00:00:39]} 39.
Kf4 {[%clk 00:55:52]} {[%emt 00:00:12]} Re2 {[%clk 00:37:47]} {[%emt 00:03:06]}
40. Rxc7 {[%clk 00:55:38]} {[%emt 00:00:43]} Rxf2+ {[%clk 00:38:11]} {[%emt
00:00:07]} 41. Ke3 {[%clk 00:55:57]} {[%emt 00:00:10]} Rxb2 {[%clk 00:38:32]}
{[%emt 00:00:09]} 42. Rd7 {[%clk 00:56:11]} {[%emt 00:00:16]} Rb6 {[%clk
00:38:40]} {[%emt 00:00:22]} 43. Kf4 {[%clk 00:56:12]} {[%emt 00:00:29]} h5
{[%clk 00:36:54]} {[%emt 00:02:16]} 44. g4 {[%clk 00:56:35]} {[%emt 00:00:08]}
fxg4 {[%clk 00:37:05]} {[%emt 00:00:19]} 45. hxg4 {[%clk 00:56:58]} {[%emt
00:00:07]} hxg4 {[%clk 00:37:28]} {[%emt 00:00:07]} 46. Kxg4 {[%clk 00:57:24]}
{[%emt 00:00:03]} Kf6 {[%clk 00:37:27]} {[%emt 00:00:31]} 47. Kf4 {[%clk
00:57:41]} {[%emt 00:00:14]} Rb4+ {[%clk 00:37:41]} {[%emt 00:00:16]} 48. Ke3
{[%clk 00:57:58]} {[%emt 00:00:13]} Ke5 {[%clk 00:38:04]} {[%emt 00:00:07]} 49.
a3 {[%clk 00:58:06]} {[%emt 00:00:22]} Rb3+ {[%clk 00:38:08]} {[%emt 00:00:23]}
50. Kd2 {[%clk 00:58:22]} {[%emt 00:00:16]} Kxd5 {[%clk 00:38:28]} {[%emt
00:00:10]} 51. Kc2 {[%clk 00:58:36]} {[%emt 00:00:17]} Rb6 {[%clk 00:37:56]}
{[%emt 00:00:58]} 52. Kc3 {[%clk 00:58:51]} {[%emt 00:00:18]} Kc6 {[%clk
00:37:54]} {[%emt 00:00:29]} 53. Rh7 {[%clk 00:59:11]} {[%emt 00:00:13]} a5
{[%clk 00:37:09]} {[%emt 00:01:15]} 54. Rh6 {[%clk 00:59:24]} {[%emt 00:00:17]}
a4 {[%clk 00:37:32]} {[%emt 00:00:08]} 55. Kc4 {[%clk 00:59:36]} {[%emt
00:00:18]} Rb3 {[%clk 00:37:25]} {[%emt 00:00:30]} 56. Rh8 {[%clk 00:59:52]}
{[%emt 00:00:19]} Rxa3 {[%clk 00:36:15]} {[%emt 00:01:41]} 57. Ra8 {[%clk
01:00:15]} {[%emt 00:00:07]} b5+ {[%clk 00:36:11]} {[%emt 00:00:30]} 58. Kb4
{[%clk 01:00:39]} {[%emt 00:00:10]} Rb3+ {[%clk 00:36:27]} {[%emt 00:00:12]}
59. Ka5 {[%clk 01:01:01]} {[%emt 00:00:10]} Rb1 {[%clk 00:35:08]} {[%emt
00:01:47]} 60. Rb8 {[%clk 01:01:05]} {[%emt 00:00:29]} a3 {[%clk 00:35:04]}
{[%emt 00:00:33]} 61. Rb7 {[%clk 01:01:19]} {[%emt 00:00:16]} a2 {[%clk
00:35:05]} {[%emt 00:00:30]} 62. Rb6+ {[%clk 01:01:37]} {[%emt 00:00:12]} Kc7
{[%clk 00:35:15]} {[%emt 00:00:18]} 63. Rb7+ {[%clk 01:01:52]} {[%emt
00:00:17]} Kc8 {[%clk 00:35:41]} {[%emt 00:00:04]} 0-1

[Event "DEM U10 2024"]
[Site "Willingen GER"]
[Date "2024.05.21"]
[Round "5"]
[White "El-Issa, Erik"]
[Black "König, Marius"]
[Result "1-0"]
[Termination "normal"]
[Board "23"]
[WhiteElo "1172"]
[BlackElo "1356"]
[WhiteClock "00:41:15"]
[BlackClock "01:06:16"]
[PlyCount "57"]
[WhiteFideId "533001782"]
[BlackFideId "533001812"]
[EventCountry "GER"]
[EventRounds "11"]
[EventType "swiss"]
[EventDate "2024.05.18"]

1. e4 {[%clk 01:15:59]} c5 {[%clk 01:15:57]} {[%emt 00:00:04]} 2. c3 {[%clk
01:16:11]} {[%emt 00:00:17]} Nc6 {[%clk 01:16:16]} {[%emt 00:00:10]} 3. Nf3
{[%clk 01:16:28]} {[%emt 00:00:13]} d6 {[%clk 01:16:24]} {[%emt 00:00:23]} 4.
Bb5 {[%clk 01:15:14]} {[%emt 00:01:45]} Bd7 {[%clk 01:16:27]} {[%emt 00:00:26]}
5. d3 {[%clk 01:13:42]} {[%emt 00:02:02]} Nf6 {[%clk 01:16:28]} {[%emt
00:00:28]} 6. h3 {[%clk 01:13:37]} {[%emt 00:00:36]} e6 {[%clk 01:16:15]}
{[%emt 00:00:43]} 7. Bg5 {[%clk 01:13:24]} {[%emt 00:00:42]} Be7 {[%clk
01:16:36]} {[%emt 00:00:10]} 8. Nbd2 {[%clk 01:12:01]} {[%emt 00:01:52]} a6
{[%clk 01:16:33]} {[%emt 00:00:34]} 9. Ba4 {[%clk 01:11:46]} {[%emt 00:00:46]}
b5 {[%clk 01:16:00]} {[%emt 00:01:02]} 10. Bb3 {[%clk 01:11:45]} {[%emt
00:00:31]} Na5 {[%clk 01:15:19]} {[%emt 00:01:12]} 11. O-O {[%clk 01:11:08]}
{[%emt 00:01:06]} Nxb3 {[%clk 01:15:14]} {[%emt 00:00:36]} 12. axb3 {[%clk
01:11:15]} {[%emt 00:00:23]} h6 {[%clk 01:14:44]} {[%emt 00:00:59]} 13. Bf4
{[%clk 01:09:41]} {[%emt 00:02:03]} e5 {[%clk 01:13:58]} {[%emt 00:01:16]} 14.
Be3 {[%clk 01:09:00]} {[%emt 00:01:12]} O-O {[%clk 01:12:52]} {[%emt 00:01:36]}
15. d4 {[%clk 01:06:32]} {[%emt 00:02:56]} cxd4 {[%clk 01:11:39]} {[%emt
00:01:44]} 16. cxd4 {[%clk 01:06:37]} {[%emt 00:00:25]} exd4 {[%clk 01:10:08]}
{[%emt 00:02:01]} 17. Bxd4 {[%clk 01:05:59]} {[%emt 00:01:08]} Re8 {[%clk
01:10:00]} {[%emt 00:00:38]} 18. Re1 {[%clk 01:04:31]} {[%emt 00:01:59]} Bc6
{[%clk 01:08:35]} {[%emt 00:01:55]} 19. Qc2 {[%clk 01:03:49]} {[%emt 00:01:11]}
Rc8 {[%clk 01:08:35]} {[%emt 00:00:30]} 20. Qd3 {[%clk 00:59:52]} {[%emt
00:04:26]} a5 {[%clk 01:07:54]} {[%emt 00:01:12]} 21. Qe3 {[%clk 00:57:08]}
{[%emt 00:03:15]} Qd7 {[%clk 01:07:00]} {[%emt 00:01:23]} 22. Rxa5 {[%clk
00:54:44]} {[%emt 00:02:53]} Bd8 {[%clk 01:07:17]} {[%emt 00:00:14]} 23. Ra7
{[%clk 00:53:45]} {[%emt 00:01:29]} Rc7 {[%clk 01:07:19]} {[%emt 00:00:29]} 24.
Rxc7 {[%clk 00:46:23]} {[%emt 00:07:52]} Bxc7 {[%clk 01:06:48]} {[%emt
00:01:01]} 25. Bxf6 {[%clk 00:44:02]} {[%emt 00:02:50]} gxf6 {[%clk 01:06:49]}
{[%emt 00:00:29]} 26. Qxh6 {[%clk 00:42:09]} {[%emt 00:02:21]} Bxe4 {[%clk
01:06:13]} {[%emt 00:01:09]} 27. Nxe4 {[%clk 00:41:41]} {[%emt 00:00:57]} Qe6
{[%clk 01:06:35]} {[%emt 00:00:09]} 28. Nxf6+ {[%clk 00:41:28]} {[%emt
00:00:42]} Qxf6 {[%clk 01:06:16]} {[%emt 00:00:50]} 29. Rxe8# {[%clk 00:41:15]}
{[%emt 00:00:12]} 1-0

[Event "DEM U10 2024"]
[Site "Willingen GER"]
[Date "2024.05.21"]
[Round "5"]
[White "Weßels, Keke"]
[Black "Katzenstein, Alexander"]
[Result "1-0"]
[Termination "normal"]
[Board "25"]
[WhiteElo "1207"]
[BlackElo "1275"]
[WhiteClock "00:52:40"]
[BlackClock "00:56:07"]
[PlyCount "97"]
[WhiteFideId "34640045"]
[BlackFideId "34696822"]
[EventCountry "GER"]
[EventRounds "11"]
[EventType "swiss"]
[EventDate "2024.05.18"]

1. d4 {[%clk 01:15:56]} {[%emt 00:00:03]} Nf6 {[%clk 01:15:50]} {[%emt
00:00:10]} 2. Nc3 {[%clk 01:16:15]} {[%emt 00:00:11]} e6 {[%clk 01:15:50]}
{[%emt 00:00:30]} 3. e4 {[%clk 01:16:19]} {[%emt 00:00:25]} Bb4 {[%clk
01:16:02]} {[%emt 00:00:19]} 4. f3 {[%clk 01:14:21]} {[%emt 00:02:28]} b6
{[%clk 01:14:02]} {[%emt 00:02:31]} 5. Bd2 {[%clk 01:13:53]} {[%emt 00:00:56]}
Bb7 {[%clk 01:13:16]} {[%emt 00:01:16]} 6. a3 {[%clk 01:13:45]} {[%emt
00:00:38]} Be7 {[%clk 01:12:42]} {[%emt 00:01:05]} 7. Bb5 {[%clk 01:12:43]}
{[%emt 00:01:31]} a6 {[%clk 01:11:58]} {[%emt 00:01:15]} 8. Bc4 {[%clk
01:11:53]} {[%emt 00:01:19]} d5 {[%clk 01:10:55]} {[%emt 00:01:33]} 9. Bd3
{[%clk 01:09:52]} {[%emt 00:02:31]} dxe4 {[%clk 01:10:30]} {[%emt 00:00:55]}
10. fxe4 {[%clk 01:07:49]} {[%emt 00:02:33]} Qxd4 {[%clk 01:10:32]} {[%emt
00:00:29]} 11. Nf3 {[%clk 01:06:04]} {[%emt 00:02:15]} Qd8 {[%clk 01:10:29]}
{[%emt 00:00:32]} 12. O-O {[%clk 01:04:14]} {[%emt 00:02:21]} Bc5+ {[%clk
01:10:31]} {[%emt 00:00:27]} 13. Kh1 {[%clk 01:04:16]} {[%emt 00:00:28]} Nc6
{[%clk 01:10:02]} {[%emt 00:01:01]} 14. b4 {[%clk 01:02:11]} {[%emt 00:02:35]}
Bd6 {[%clk 01:09:32]} {[%emt 00:01:00]} 15. Qe2 {[%clk 01:00:36]} {[%emt
00:02:02]} Ne5 {[%clk 01:07:16]} {[%emt 00:02:49]} 16. Nxe5 {[%clk 00:58:32]}
{[%emt 00:02:34]} Bxe5 {[%clk 01:07:27]} {[%emt 00:00:17]} 17. Rad1 {[%clk
00:56:43]} {[%emt 00:02:21]} Qd6 {[%clk 01:01:48]} {[%emt 00:06:09]} 18. g3
{[%clk 00:55:25]} {[%emt 00:01:47]} h5 {[%clk 01:00:25]} {[%emt 00:01:54]} 19.
Bf4 {[%clk 00:55:07]} {[%emt 00:00:46]} Bxf4 {[%clk 00:56:19]} {[%emt
00:04:38]} 20. Bb5+ {[%clk 00:55:07]} {[%emt 00:02:27]} Bc6 {[%clk 00:54:52]}
{[%emt 00:01:04]} 21. Rxd6 {[%clk 00:54:52]} {[%emt 00:00:44]} Bxb5 {[%clk
00:54:42]} {[%emt 00:00:42]} 22. Nxb5 {[%clk 00:54:22]} {[%emt 00:00:58]} Bxd6
{[%clk 00:54:57]} {[%emt 00:00:15]} 23. e5 {[%clk 00:53:10]} {[%emt 00:01:42]}
h4 {[%clk 00:54:03]} {[%emt 00:01:24]} 24. Nxd6+ {[%clk 00:50:14]} {[%emt
00:03:26]} cxd6 {[%clk 00:54:16]} {[%emt 00:00:18]} 25. gxh4 {[%clk 00:50:17]}
{[%emt 00:00:26]} dxe5 {[%clk 00:54:23]} {[%emt 00:00:24]} 26. Qg2 {[%clk
00:49:44]} {[%emt 00:00:54]} O-O {[%emt 00:00:51]} 27. Rxf6 {[%emt 00:00:40]}
Rad8 {[%clk 00:52:58]} {[%emt 00:00:33]} 28. h5 {[%clk 00:49:21]} {[%emt
00:00:52]} Rd1+ {[%clk 00:51:54]} {[%emt 00:01:34]} 29. Rf1 {[%clk 00:49:40]}
{[%emt 00:00:10]} Rfd8 {[%clk 00:52:09]} {[%emt 00:00:16]} 30. Rg1 {[%clk
00:49:33]} {[%emt 00:00:36]} Rxg1+ {[%clk 00:51:31]} {[%emt 00:01:09]} 31. Qxg1
{[%clk 00:49:51]} {[%emt 00:00:13]} Rd2 {[%clk 00:50:43]} {[%emt 00:01:18]} 32.
Qxb6 {[%clk 00:48:53]} {[%emt 00:01:28]} Rxc2 {[%emt 00:00:47]} 33. Qd8+ {[%clk
00:48:54]} {[%emt 00:00:01]} Kh7 {[%clk 00:51:04]} {[%emt 00:00:20]} 34. Qd3+
{[%clk 00:49:17]} {[%emt 00:00:07]} Kh6 {[%clk 00:51:28]} {[%emt 00:00:06]} 35.
Qxc2 {[%clk 00:49:35]} {[%emt 00:00:11]} Kxh5 {[%clk 00:51:52]} {[%emt
00:00:06]} 36. Qh7+ {[%clk 00:49:49]} {[%emt 00:00:16]} Kg4 {[%clk 00:52:08]}
{[%emt 00:00:15]} 37. Qxg7+ {[%clk 00:50:09]} {[%emt 00:00:09]} Kf4 {[%clk
00:52:34]} {[%emt 00:00:05]} 38. Qxf7+ {[%clk 00:50:28]} {[%emt 00:00:10]} Ke3
{[%clk 00:52:55]} {[%emt 00:00:10]} 39. Qxe6 {[%clk 00:50:39]} {[%emt
00:00:18]} e4 {[%clk 00:53:20]} {[%emt 00:00:05]} 40. Qxa6 {[%clk 00:50:49]}
{[%emt 00:00:21]} Kf3 {[%clk 00:53:43]} {[%emt 00:00:07]} 41. Qe6 {[%clk
00:51:02]} {[%emt 00:00:15]} e3 {[%clk 00:54:04]} {[%emt 00:00:11]} 42. Qxe3+
{[%clk 00:51:25]} {[%emt 00:00:05]} Kxe3 {[%clk 00:54:27]} {[%emt 00:00:08]}
43. h4 {[%clk 00:51:39]} {[%emt 00:00:15]} Kd3 {[%clk 00:54:48]} {[%emt
00:00:10]} 44. b5 {[%clk 00:51:56]} {[%emt 00:00:14]} Kc4 {[%clk 00:55:07]}
{[%emt 00:00:11]} 45. b6 {[%clk 00:52:20]} {[%emt 00:00:06]} Kc5 {[%clk
00:55:33]} {[%emt 00:00:04]} 46. b7 Kb5 {[%emt 00:00:15]} 47. b8=Q+ {[%clk
00:52:26]} Ka6 {[%clk 00:55:47]} {[%emt 00:00:24]} 48. a4 {[%clk 00:52:47]} Ka5
{[%clk 00:56:07]} {[%emt 00:00:20]} 49. Qb5# {[%clk 00:52:40]} 1-0

[Event "DEM U10 2024"]
[Site "Willingen GER"]
[Date "2024.05.21"]
[Round "5"]
[White "Dombert, Johannes"]
[Black "Seegebrecht, Johann"]
[Result "1-0"]
[Termination "normal"]
[Board "26"]
[WhiteElo "1270"]
[BlackElo "1421"]
[WhiteClock "01:06:46"]
[BlackClock "00:48:22"]
[PlyCount "45"]
[WhiteFideId "533001766"]
[BlackFideId "34655115"]
[EventCountry "GER"]
[EventRounds "11"]
[EventType "swiss"]
[EventDate "2024.05.18"]

1. e4 {[%clk 01:15:57]} {[%emt 00:00:02]} e5 {[%clk 01:15:56]} {[%emt
00:00:05]} 2. Nf3 {[%clk 01:16:20]} {[%emt 00:00:06]} Nc6 {[%clk 01:16:21]}
{[%emt 00:00:06]} 3. Bc4 {[%clk 01:16:39]} {[%emt 00:00:10]} Nf6 {[%clk
01:16:42]} {[%emt 00:00:09]} 4. O-O {[%clk 01:16:45]} {[%emt 00:00:24]} Bc5
{[%clk 01:17:10]} {[%emt 00:00:02]} 5. d4 {[%clk 01:17:04]} {[%emt 00:00:11]}
exd4 {[%clk 01:17:33]} {[%emt 00:00:08]} 6. e5 {[%clk 01:17:21]} {[%emt
00:00:13]} Ne4 {[%clk 01:17:34]} {[%emt 00:00:29]} 7. Re1 {[%clk 01:16:35]}
{[%emt 00:01:16]} d5 {[%clk 01:17:55]} {[%emt 00:00:09]} 8. exd6 {[%clk
01:16:47]} {[%emt 00:00:17]} Bf5 {[%clk 01:17:32]} {[%emt 00:00:54]} 9. Nbd2
{[%clk 01:16:32]} {[%emt 00:00:45]} Bb4 {[%clk 01:11:19]} {[%emt 00:06:43]} 10.
a3 {[%clk 01:11:32]} {[%emt 00:05:30]} Bxd2 {[%clk 01:11:39]} {[%emt 00:00:10]}
11. Nxd2 {[%clk 01:11:34]} {[%emt 00:00:27]} b5 {[%clk 00:51:34]} {[%emt
00:20:37]} 12. Bxb5 {[%clk 01:07:43]} {[%emt 00:04:19]} Qxd6 {[%clk 00:51:04]}
{[%emt 00:01:01]} 13. Nxe4 {[%clk 01:07:52]} {[%emt 00:00:21]} Qg6 {[%clk
00:50:42]} {[%emt 00:00:51]} 14. Nf6+ {[%clk 01:07:08]} {[%emt 00:01:14]} Kd8
{[%clk 00:50:59]} {[%emt 00:00:13]} 15. Bxc6 {[%clk 01:07:07]} {[%emt
00:00:31]} Qxf6 {[%clk 00:51:17]} {[%emt 00:00:12]} 16. Bxa8 {[%clk 01:07:02]}
{[%emt 00:00:36]} Qg6 {[%clk 00:51:15]} {[%emt 00:00:31]} 17. Qxd4+ {[%clk
01:06:16]} {[%emt 00:01:15]} Kc8 {[%clk 00:51:28]} {[%emt 00:00:19]} 18. Qe3
{[%clk 01:06:21]} {[%emt 00:00:22]} Bxc2 {[%clk 00:51:11]} {[%emt 00:00:49]}
19. Be4 {[%clk 01:06:22]} {[%emt 00:00:29]} Bxe4 {[%clk 00:51:26]} {[%emt
00:00:15]} 20. Qxe4 {[%clk 01:06:48]} {[%emt 00:00:05]} f5 {[%clk 00:48:49]}
{[%emt 00:03:07]} 21. Qa8+ {[%clk 01:06:32]} {[%emt 00:00:46]} Kd7 {[%clk
00:48:11]} {[%emt 00:01:08]} 22. Qxh8 {[%emt 00:00:36]} Qb6 {[%clk 00:48:22]}
23. Qe8+ {[%clk 01:06:46]} {[%emt 00:00:26]} 1-0